000 00567nam a22002057a 4500
003 OSt
005 20140310181808.0
008 130704t xxu||||| |||| 00| 0 eng d
020 _a0553284525
050 _aAG 243
_b.G694 1990
082 _aREF 909.82
_bG94 1990
245 _aGuinness book of world records /
_cDonald McFarlan.
260 _aNew York :
_bBantam Books,
_c1990.
300 _a678 p.;
_bill.;
_c18 cm.
520 _a1. Currosities and wonders
521 _aBasic ed. students
541 _j1
562 _e1
942 _2lcc
_cBK-GR
_kREF
999 _c3860
_d3860